000 00726nam a22002297a 4500
005 20251108171807.0
008 250721s1990 xx 000 0 ara d
082 1 4 _a379.154/محم
100 1 _aالجابري، محمد عابد
245 1 0 _aالسياسات التعليمية في أقطار المغرب العربي :
_bالمغرب - الجزائر - تونس /
250 _aط2
264 1 _aعمان :
_bمنتدى الفكر العربي،
_c1990.
300 _a175ص
650 1 7 _aالتخطيط التربوي
650 1 7 _aالتربية
650 1 7 _aالتعلم
650 1 7 _aالمغرب العربي
650 1 7 _aالجزائر
650 1 7 _aتونس
942 _2ddc
_cBK
999 _c62676
_d62676